<?xml version="1.0" encoding="UTF-8"?>
<record
    xmlns:xsi="http://www.w3.org/2001/XMLSchema-instance"
    xsi:schemaLocation="http://www.loc.gov/MARC21/slim http://www.loc.gov/standards/marcxml/schema/MARC21slim.xsd"
    xmlns="http://www.loc.gov/MARC21/slim">

  <leader>01143nam0a22002411  4500</leader>
  <controlfield tag="001">rc\4717970</controlfield>
  <controlfield tag="005">20260408002250.0</controlfield>
  <datafield tag="021" ind1=" " ind2=" ">
    <subfield code="a">RU</subfield>
    <subfield code="b">&#x420;&#x433;6571-64</subfield>
  </datafield>
  <datafield tag="035" ind1=" " ind2=" ">
    <subfield code="a">(NLR Aleph) 008439921</subfield>
  </datafield>
  <datafield tag="090" ind1=" " ind2=" ">
    <subfield code="a">9471431</subfield>
    <subfield code="c">9471431</subfield>
  </datafield>
  <datafield tag="100" ind1=" " ind2=" ">
    <subfield code="a">20130416d1964    |||y0rusy50      ca</subfield>
  </datafield>
  <datafield tag="101" ind1="0" ind2=" ">
    <subfield code="a">rus</subfield>
  </datafield>
  <datafield tag="102" ind1=" " ind2=" ">
    <subfield code="a">RU</subfield>
  </datafield>
  <datafield tag="105" ind1=" " ind2=" ">
    <subfield code="a">y   z   |||||</subfield>
  </datafield>
  <datafield tag="200" ind1="1" ind2=" ">
    <subfield code="a">&#x415;&#x434;&#x438;&#x43D;&#x44B;&#x435; &#x43D;&#x43E;&#x440;&#x43C;&#x44B; &#x432;&#x440;&#x435;&#x43C;&#x435;&#x43D;&#x438; &#x438; &#x432;&#x44B;&#x440;&#x430;&#x431;&#x43E;&#x442;&#x43A;&#x438; &#x43D;&#x430; &#x43E;&#x431;&#x440;&#x430;&#x431;&#x43E;&#x442;&#x43A;&#x443; &#x438; &#x443;&#x431;&#x43E;&#x440;&#x43A;&#x443; &#x440;&#x44B;&#x431;&#x44B; &#x438; &#x440;&#x44B;&#x431;&#x43D;&#x43E;&#x439; &#x43F;&#x440;&#x43E;&#x434;&#x443;&#x43A;&#x446;&#x438;&#x438; &#x434;&#x43B;&#x44F; &#x43F;&#x440;&#x435;&#x434;&#x43F;&#x440;&#x438;&#x44F;&#x442;&#x438;&#x439; &#x440;&#x44B;&#x431;&#x43D;&#x43E;&#x439; &#x43F;&#x440;&#x43E;&#x43C;&#x44B;&#x448;&#x43B;&#x435;&#x43D;&#x43D;&#x43E;&#x441;&#x442;&#x438; &#x417;&#x430;&#x43F;&#x430;&#x434;&#x43D;&#x43E;&#x433;&#x43E; &#x431;&#x430;&#x441;&#x441;&#x435;&#x439;&#x43D;&#x430;</subfield>
    <subfield code="e">[&#x423;&#x442;&#x432;. 13/II 1964 &#x433;.]</subfield>
    <subfield code="f">&#x413;&#x43B;. &#x443;&#x43F;&#x440;. &#x440;&#x44B;&#x431;&#x43D;&#x43E;&#x439; &#x43F;&#x440;&#x43E;&#x43C;-&#x441;&#x442;&#x438;. &#x417;&#x430;&#x43F;. &#x431;&#x430;&#x441;&#x441;&#x435;&#x439;&#x43D;&#x430; "&#x417;&#x430;&#x43F;&#x440;&#x44B;&#x431;&#x430;". &#x421;&#x435;&#x43A;&#x442;&#x43E;&#x440; &#x442;&#x435;&#x445;&#x43D;. &#x438;&#x43D;&#x444;&#x43E;&#x440;&#x43C;&#x430;&#x446;&#x438;&#x438; &#x426;&#x41F;&#x41A;&#x422;&#x411; &#x413;&#x423; "&#x417;&#x430;&#x43F;&#x440;&#x44B;&#x431;&#x430;"</subfield>
  </datafield>
  <datafield tag="210" ind1=" " ind2=" ">
    <subfield code="a">&#x420;&#x438;&#x433;&#x430;</subfield>
    <subfield code="c">&#x411;. &#x438;.</subfield>
    <subfield code="d">1964</subfield>
  </datafield>
  <datafield tag="215" ind1=" " ind2=" ">
    <subfield code="a">203 &#x441;.</subfield>
    <subfield code="d">21</subfield>
  </datafield>
  <datafield tag="710" ind1="0" ind2="1">
    <subfield code="a">&#x421;&#x421;&#x421;&#x420;</subfield>
    <subfield code="b">&#x413;&#x43B;&#x430;&#x432;&#x43D;&#x43E;&#x435; &#x443;&#x43F;&#x440;&#x430;&#x432;&#x43B;&#x435;&#x43D;&#x438;&#x435; &#x440;&#x44B;&#x431;&#x43D;&#x43E;&#x439; &#x43F;&#x440;&#x43E;&#x43C;&#x44B;&#x448;&#x43B;&#x435;&#x43D;&#x43D;&#x43E;&#x441;&#x442;&#x438; &#x417;&#x430;&#x43F;&#x430;&#x434;&#x43D;&#x43E;&#x433;&#x43E; &#x431;&#x430;&#x441;&#x441;&#x435;&#x439;&#x43D;&#x430;</subfield>
    <subfield code="3">RU\NLR\AUTH\8810166663</subfield>
    <subfield code="9">829258</subfield>
  </datafield>
  <datafield tag="801" ind1=" " ind2="0">
    <subfield code="a">RU</subfield>
    <subfield code="b">NLR</subfield>
    <subfield code="g">psbo</subfield>
  </datafield>
  <datafield tag="801" ind1=" " ind2="1">
    <subfield code="a">RU</subfield>
    <subfield code="b">ELAR</subfield>
    <subfield code="2">rusmarc</subfield>
  </datafield>
  <datafield tag="852" ind1=" " ind2=" ">
    <subfield code="a">NLR</subfield>
    <subfield code="j">&#x41F;&#x442; 66/475</subfield>
  </datafield>
  <datafield tag="942" ind1=" " ind2=" ">
    <subfield code="c">BOOK</subfield>
  </datafield>
  <datafield tag="980" ind1=" " ind2=" ">
    <subfield code="a">NB</subfield>
  </datafield>
  <datafield tag="995" ind1=" " ind2=" ">
    <subfield code="5">2013-10-26</subfield>
    <subfield code="b">NLR01</subfield>
    <subfield code="c">NLR01</subfield>
    <subfield code="e">NTD</subfield>
    <subfield code="f">8439921-10</subfield>
    <subfield code="k">&#x41F;&#x442; 66/475</subfield>
    <subfield code="o">0</subfield>
    <subfield code="r">BOOK</subfield>
    <subfield code="s">_66475</subfield>
  </datafield>
</record>
